| 000 | 00402pab a2200169 454500 | ||
|---|---|---|---|
| 008 | 180718b2003 xxu||||| |||| 00| 0 eng d | ||
| 100 | _aGhosh, Jayati | ||
| 245 | _aA cruel budget for women workers | ||
| 260 | _c2003 | ||
| 300 | _ap.3-4. | ||
| 362 | _aMay | ||
| 650 | _aBudget - India | ||
| 650 | _aWomen workers - India | ||
| 650 | _aWomen workers | ||
| 773 | _aSocial Welfare | ||
| 909 | _a56256 | ||
| 999 |
_c56256 _d56256 |
||